| 000 | 01463nam a2200229Ia 4500 | ||
|---|---|---|---|
| 003 | Ost | ||
| 005 | 20260507075110.0 | ||
| 008 | 260507s9999||||xx |||||||||||||| ||und|| | ||
| 040 | _cfsecg | ||
| 041 | _aara | ||
| 082 | _a382 | ||
| 100 |
_aاحمد، آدم مهدي _eمؤلف |
||
| 245 | 0 |
_aالعولمة وعلاقتها بالهيمنة التكنولوجية / _c آدم مهدي احمد |
|
| 260 |
_aالقاهرة: _bالشركة العالمية للطباعة, _c2001 |
||
| 300 |
_a103 صفحة؛ _bإيضاحات ؛ _c24 سم |
||
| 504 | _aمراجع ص.101 | ||
| 520 | _aالتجارة الدولية و منظمة التجارة العالمية و الدول النامية و التجارة الخارجية للدول العربية مع تعريف العولمة و تناول العولمة كمفهوم جديد العولمة و ديمقراطية السوق و اهمية دور العلم و المعرفة و التطرق الى العولمة و الثقافة و العولمة و الامن و سلبيات و ايجابيات العولمة كما تم التطرق الى نقل التكنولوجيا و المعرفة و دراسة الآليات الاقتصادية و القانونية لنقل التكنولوجيا و اخيرا الشركات المتعددة الجنسيات. | ||
| 653 | _aالتجارة الخارجية | ||
| 653 | _aالتكنولوجيا | ||
| 653 | _aالعولمة | ||
| 942 | _cكتاب | ||
| 999 |
_c42872 _d42872 |
||